000 00792nam a22002057a 4500
999 _c8718
_d8718
003 AR-CdUCM
008 190325b ||||| |||| 00| 0 spa d
040 _aMUNICIPALIDAD PROVINCIAL DEL CUSCO
_cBIBLIOTECA MUNICIPAL DEL CUSCO
082 _a985.0013 /
_bAR786
100 _aArteaga Calderon, Marco
_924347
245 _a5 razones para aceptar a Mariategui /
260 _aLima :
_bAmauta,
_c1976.
300 _a121 páginas ;
_c21 cm.
505 _aContenido: En torno a Mariategui -- Sobre el problema educativo -- Ante la cuestión -- Ante la cuestión indígena -- De la peruanización al antimperialismo -- Por la organización popular...
650 _aMariategui.
_95414
650 _aEducación.
_9460
650 _aProblema educativo.
_924348
942 _2ddc
_cLIBROS
945 _awfj